| 000 | 01310aam a2200397a 44500 | ||
|---|---|---|---|
| 008 | 131211s2013 cat | ||
| 017 | _aB-23800-2013 | ||
| 020 | _a9788439390602 | ||
| 041 | _acat | ||
| 041 | _bspa | ||
| 080 | _a342.9(038) | ||
| 110 |
_aCatalunya. Generalitat. Departament de Justícia _966211 |
||
| 245 |
_aDiccionari de dret administratiu _cGeneralitat de Catalunya. Departament de Justícia; TERMCAT, Centre de Terminologia |
||
| 260 |
_aBarcelona _bGeneralitat de Catalunya. Departament de Justícia _c2013 |
||
| 300 |
_a260 p. _c21 cm |
||
| 490 |
_aTermes Jurídics; _v3 |
||
| 500 | _aBibliografia. Índex | ||
| 500 | _aCategoria gramatical, sinònims, remissions, àmbit d'ús | ||
| 500 | _btermcat | ||
| 520 | _a1.297 | ||
| 546 | _acatalà | ||
| 591 | _aDRETADM | ||
| 592 | _aObra terminològica | ||
| 593 | _aMD | ||
| 594 | _a10434 | ||
| 650 |
_adret administratiu _960796 |
||
| 710 |
_aTERMCAT _960609 |
||
| 830 |
_aTermes Jurídics; _v3 _969449 |
||
| 856 | _uhttps://justicia.gencat.cat/web/.content/documents/publicacions/colleccions/diccdretadm.pdf | ||
| 901 | _c<2013> | ||
| 902 | _a131211 | ||
| 942 |
_cMO _n0 _2ddc |
||
| 999 |
_c66214 _d66214 |
||